000
00324pam a2200157 a 4500
020
_c
041
_a
eng
082
_a
658.8
_b
ZIK
100
_a
Zikmund.W.D.
245
_a
Marketing
_h
Textual Documents
250
_a
2001.
260
_a
[s.l]:
_b
South Western
300
_a
689p.
700
_a
Amico.M.D.
930
_a
12577
999
_c
89480
_d
89480